000
00186 a2200097 4500
020
_a
9781935955290
041
_a
spa
100
_a
Joe Hayes
245
_a
No digas nada, mam
942
_c
K
999
_c
29368
_d
29366